[Event "Xtracon Chess Open 2018"]
[Site "Elsinore"]
[Date "2018.07.26"]
[Round "7"]
[White "Nakar, Eylon"]
[Black "Haugli, Petter"]
[Result "1-0"]
[WhiteElo "2462"]
[BlackElo "2231"]
[EventDate "2018.07.21"]
[WhiteFideId "2811111"]
[BlackFideId "1500104"]

1.e4 c5 2.Nf3 e6 3.d4 cxd4 4.Nxd4 a6 5.c4 Nf6 6.Nc3 Bb4 7.Qd3 Qc7 8.Nc2 
Bd6 9.Bg5 Nc6 10.Be2 Ne5 11.Qd2 h6 12.Bxf6 gxf6 13.f4 Nc6 14.O-O b6 15.
Rad1 Be7 16.Kh1 d6 17.Bh5 Kf8 18.b3 Bb7 19.f5 Ne5 20.Nd4 Bc8 21.Nce2 Bd7 
22.Nf4 Qc8 23.Bxf7 1-0

[Event "Xtracon Chess Open 2018"]
[Site "Elsinore"]
[Date "2018.07.26"]
[Round "7"]
[White "Johansson, Linus"]
[Black "Berg, Olaf"]
[Result "1-0"]
[WhiteElo "2454"]
[BlackElo "2226"]
[EventDate "2018.07.21"]
[WhiteFideId "1711113"]
[BlackFideId "7200420"]

1.d4 d5 2.c4 c6 3.Nf3 Nf6 4.Nc3 e6 5.Bg5 Nbd7 6.e3 Qa5 7.cxd5 exd5 8.Bd3 
Ne4 9.O-O Nxg5 10.Nxg5 Nf6 11.Qc2 h6 12.Nf3 Bd6 13.a3 Qc7 14.Rfc1 a6 15.h3
O-O 16.b4 Qe7 17.Nd2 Re8 18.Na4 Bc7 19.Nc5 Qd6 20.Nf3 Qe7 21.Nd2 Qd6 22.
Nf1 Qe7 23.Rab1 g6 24.a4 Kg7 25.b5 axb5 26.axb5 Bd6 27.Nd2 Ra3 28.bxc6 
bxc6 29.Rb3 Rxb3 30.Ndxb3 Ne4 31.Nxe4 dxe4 32.Bxe4 Bxh3 33.Bxc6 Qg5 34.f4 
Qg3 35.Bxe8 Bxg2 36.Qxg2 Qxe3+ 37.Qf2 Qxb3 38.Rf1 Qd3 39.Bc6 Be7 40.Bf3 
Bd6 41.Bg2 Qc3 42.Kh1 h5 43.f5 g5 44.Qf3 Qxd4 45.Qxh5 Bf4 46.Qd1 Qf6 47.
Qg4 Qh6+ 48.Qh3 Qd6 49.Be4 Qd2 50.Ra1 Qf2 51.Rd1 Qb2 52.Rd8 Qc1+ 53.Kg2 
Kf6 1-0

[Event "Xtracon Chess Open 2018"]
[Site "Elsinore"]
[Date "2018.07.26"]
[Round "7"]
[White "Bjerre, Jonas Buhl"]
[Black "Ongut, Tamas Gunes"]
[Result "1/2-1/2"]
[WhiteElo "2436"]
[BlackElo "2220"]
[EventDate "2018.07.21"]
[WhiteFideId "1444948"]
[BlackFideId "770280"]

1.e4 c5 2.Nf3 d6 3.d4 cxd4 4.Nxd4 Nf6 5.Nc3 a6 6.Bg5 e6 7.f4 h6 8.Bh4 Qb6 
9.a3 Be7 10.Bf2 Qc7 11.Qf3 Nbd7 12.O-O-O b5 13.g4 Bb7 14.Bg2 g5 15.h4 gxf4
16.g5 Ne5 17.Qxf4 hxg5 18.hxg5 Rxh1 19.Rxh1 Nfd7 20.Nf3 O-O-O 21.Rh7 Nf8 
22.Rg7 Nfg6 23.Qg3 Rh8 24.Bd4 Qd8 25.Bxe5 dxe5 26.Rxf7 Qe8 27.Rg7 Nf4 28.
Qg4 Bf8 29.Rxb7 Kxb7 30.Nxe5 Nxg2 31.Qxg2 Qh5 32.Nf3 Bc5 33.b4 Be3+ 34.Kb2
Rf8 35.g6 Rg8 36.Qe2 Bb6 37.a4 Rxg6 38.axb5 axb5 1/2-1/2

[Event "Xtracon Chess Open 2018"]
[Site "Elsinore"]
[Date "2018.07.26"]
[Round "7"]
[White "Lund, Gunnar"]
[Black "Vestby-Ellingsen, Mads"]
[Result "1/2-1/2"]
[WhiteElo "2216"]
[BlackElo "2429"]
[EventDate "2018.07.21"]
[WhiteFideId "1520814"]
[BlackFideId "1520857"]

1.e4 c5 2.Nf3 e6 3.g3 Nc6 4.Bg2 Nf6 5.d3 d6 6.O-O Be7 7.c3 O-O 8.Nbd2 Rb8 
9.a4 a6 10.Re1 b5 11.axb5 axb5 12.d4 cxd4 13.Nxd4 Bd7 14.N2b3 Qc7 15.Nxc6 
Bxc6 16.Bf4 e5 17.Bg5 h6 18.Bxf6 Bxf6 19.Nc1 b4 20.c4 Ra8 21.Rxa8 Rxa8 22.
Nd3 Qb6 23.Qb3 Rb8 24.Rd1 Qa7 25.Qc2 Qa5 26.b3 Qa8 27.Qd2 Bxe4 28.Bxe4 
Qxe4 29.Nxb4 Bg5 30.Qc3 Qb7 31.Nd5 Qxb3 32.Qxb3 Rxb3 33.Ra1 h5 34.h4 Bh6 
35.Ne7+ Kh7 36.Nf5 Rb6 37.Rd1 Rc6 38.Nxd6 Kg6 39.Kf1 Kf6 40.c5 Ke6 41.Ne4 
g6 42.Rb1 Kd5 43.Rb6 Rc7 44.f3 Bf8 45.Rf6 Bxc5 46.Ng5 Bd4 47.Rxf7 Rxf7 48.
Nxf7 e4 49.fxe4+ Kxe4 50.Ng5+ Kf5 51.Kg2 1/2-1/2

[Event "Xtracon Chess Open 2018"]
[Site "Elsinore"]
[Date "2018.07.26"]
[Round "7"]
[White "Hilby, Craig"]
[Black "Skousen, Nikolai"]
[Result "1/2-1/2"]
[WhiteElo "2426"]
[BlackElo "2203"]
[EventDate "2018.07.21"]
[WhiteFideId "2062674"]
[BlackFideId "1401432"]

1.e4 c5 2.Nf3 g6 3.d4 cxd4 4.Nxd4 Nc6 5.Nc3 Bg7 6.Be3 Nf6 7.Bc4 O-O 8.Bb3 
d6 9.f3 Bd7 10.Qd2 Nxd4 11.Bxd4 b5 12.h4 a5 13.h5 e5 14.Be3 a4 15.Bd5 b4 
16.Nd1 Nxd5 17.exd5 a3 18.Bh6 Qf6 19.Bxg7 Kxg7 20.b3 e4 21.hxg6 e3 22.Qc1 
Qxg6 23.Nxe3 Qg3+ 24.Kf1 Rfe8 25.Ng4 Bxg4 26.Qh6+ Kg8 27.Qxh7+ Kf8 28.Qh6+
Ke7 29.Qg5+ Kd7 30.Rh3 Re5 31.Rxg3 Rxg5 32.Rd1 Rag8 33.Rxg4 Rxg4 34.fxg4 
Rxg4 35.Kf2 Kc7 36.Kf3 f5 37.c4 Kb6 38.Rd2 Kc5 39.Ke3 Re4+ 40.Kd3 Rd4+ 41.
Ke3 Re4+ 42.Kf3 Rg4 43.Re2 Rd4 44.g3 Rd1 45.Ke3 1/2-1/2

[Event "Xtracon Chess Open 2018"]
[Site "Elsinore"]
[Date "2018.07.26"]
[Round "7"]
[White "Raghunandan, Kaumandur Srihari"]
[Black "Hartung-Nielsen, Jens"]
[Result "1-0"]
[WhiteElo "2417"]
[BlackElo "2207"]
[EventDate "2018.07.21"]
[WhiteFideId "25004964"]
[BlackFideId "1400690"]

1.Nf3 c5 2.e4 g6 3.c3 d5 4.e5 Nc6 5.d4 cxd4 6.cxd4 Bg4 7.Bb5 Qb6 8.Bxc6+ 
Qxc6 9.O-O Nh6 10.Nbd2 Nf5 11.h3 Bxf3 12.Nxf3 h5 13.Bg5 Bg7 14.Rc1 Qd7 15.
Qb3 O-O 16.Rc5 e6 17.g4 hxg4 18.hxg4 Nxd4 19.Nxd4 Bxe5 20.Nf3 Bd6 21.Bf6 
e5 22.Rxd5 Qxg4+ 23.Kh1 e4 24.Ng5 e3 25.Qxe3 Rfe8 26.Qh3 Qxh3+ 27.Nxh3 Re6
28.Bc3 f6 29.Rfd1 1-0

[Event "Xtracon Chess Open 2018"]
[Site "Elsinore"]
[Date "2018.07.26"]
[Round "7"]
[White "Weber, Samuel"]
[Black "Jepson, Christian"]
[Result "0-1"]
[WhiteElo "2197"]
[BlackElo "2410"]
[EventDate "2018.07.21"]
[WhiteFideId "12924008"]
[BlackFideId "1701185"]

1.Nf3 d5 2.g3 Nc6 3.Bg2 e5 4.d3 f6 5.Nbd2 Be6 6.O-O Qd7 7.Re1 O-O-O 8.e4 
d4 9.a3 g5 10.b4 Bh3 11.Nb3 h5 12.Bxh3 Qxh3 13.Kh1 Qd7 14.Ng1 Nge7 15.Nc5 
Qd6 16.c4 dxc3 17.Qa4 a6 18.Be3 Nd4 19.Ne2 Qc6 20.Rac1 Qxa4 21.Nxa4 Nxe2 
22.Rxe2 Rxd3 23.Nc5 Rd6 24.Rec2 Ng6 25.Rxc3 Rh7 26.Na4 Kb8 27.Bc5 Rd8 28.
Bxf8 Nxf8 29.Rf3 Rd6 30.Nc3 Nd7 31.Rd1 Rxd1+ 32.Nxd1 c6 33.Ne3 Kc7 34.Nc4 
Rh8 35.Kg2 b6 36.Rf5 Ra8 37.h4 gxh4 38.gxh4 a5 39.Rxh5 axb4 40.axb4 Ra4 
41.Rh7 Rxb4 42.Nd2 Rd4 43.h5 Rxd2 44.h6 f5 45.Rg7 Rd6 46.h7 Rh6 47.exf5 b5
48.f6 Kd6 49.f7 Kc5 50.Kf3 Nf8 51.h8=Q Rxh8 52.Rg8 Rh4 53.Rxf8 Rf4+ 54.Ke3
b4 55.f3 Kc4 56.Rc8 Rxf7 57.Rxc6+ Kb3 58.Rc5 Re7 59.Kd3 Kb2 60.Rb5 b3 61.
Rc5 Kb1 62.Rb5 b2 63.Ke4 Re8 64.Rc5 Ka2 65.Ra5+ Kb3 66.Rb5+ Kc3 67.Rb7 Rf8
68.Rc7+ Kb3 69.Rb7+ Kc2 70.Rc7+ Kb1 71.Re7 Rf4+ 72.Ke3 Rb4 73.Kd2 Ka2 74.
Kc3 Rb3+ 0-1

[Event "Xtracon Chess Open 2018"]
[Site "Elsinore"]
[Date "2018.07.26"]
[Round "7"]
[White "Jaksland, Tim"]
[Black "Akesson, Ralf"]
[Result "1/2-1/2"]
[WhiteElo "2185"]
[BlackElo "2397"]
[EventDate "2018.07.21"]
[WhiteFideId "1401084"]
[BlackFideId "1700120"]

1.Nf3 c5 2.c4 b6 3.g3 Bb7 4.Bg2 Nf6 5.O-O e6 6.Nc3 Be7 7.d4 cxd4 8.Qxd4 d6
9.Rd1 a6 10.b3 Nbd7 11.e4 Qc8 12.Ba3 Nc5 13.e5 dxe5 14.Nxe5 Bxg2 15.Kxg2 
O-O 16.Na4 Qb7+ 17.Kg1 Rad8 18.Qe3 Rxd1+ 19.Rxd1 Nxa4 20.Bxe7 Qxe7 21.bxa4
Qb4 22.Qb3 Qa5 23.Nd7 Nxd7 24.Rxd7 Qe1+ 25.Kg2 Qe4+ 26.Kg1 h5 27.h4 Rc8 
28.Qd1 g6 29.Rd8+ Rxd8 30.Qxd8+ Kg7 31.Qxb6 Qxc4 32.Qb2+ Kg8 33.Qb8+ Kh7 
34.Qb3 Qc1+ 35.Kg2 Qc6+ 36.Kg1 Qd5 37.Qc2 a5 38.Qb3 Kg7 39.Qb2+ Kf8 40.
Qb8+ Ke7 41.Qc7+ Kf6 42.Qc2 e5 43.Kh2 Qd4 44.Kg2 e4 45.Qc6+ Kg7 46.Qb5 Qc3
47.Qd5 Qf3+ 48.Kg1 Qf5 49.Qd4+ Kh7 50.Kg2 Qe6 51.Kg1 Qf5 52.Kg2 Qe6 
1/2-1/2

[Event "Xtracon Chess Open 2018"]
[Site "Elsinore"]
[Date "2018.07.26"]
[Round "7"]
[White "Percivaldi, Martin"]
[Black "Bekker-Jensen, David"]
[Result "0-1"]
[WhiteElo "2393"]
[BlackElo "2200"]
[EventDate "2018.07.21"]
[WhiteFideId "1508148"]
[BlackFideId "1403095"]

1.d4 Nf6 2.c4 g6 3.Nc3 Bg7 4.e4 d6 5.Nf3 O-O 6.h3 e5 7.d5 Nh5 8.g3 Na6 9.
Nh2 Nc5 10.Be3 a5 11.h4 Nf6 12.f3 Nh5 13.Rg1 f5 14.exf5 gxf5 15.Bg5 Qe8 
16.g4 Nf4 17.Qd2 h6 18.Bxf4 exf4+ 19.Be2 a4 20.Rd1 Ne4 21.fxe4 fxe4 22.Bf3
exf3+ 23.Kf2 Qe3+ 24.Qxe3 fxe3+ 25.Kxe3 a3 26.Nxf3 axb2 27.Nd4 Ra3 28.Rd3 
Bxg4 29.Ndb5 Rf3+ 30.Ke4 Rxd3 31.Kxd3 Bf5+ 32.Kd2 Ra5 33.Nd4 Rxa2 34.Rxg7+
Kh8 35.Kd1 Ra1+ 36.Kd2 Ra2 37.Kd1 Ra1+ 38.Kd2 Kxg7 39.Nxf5+ Kf6 40.Nxh6 
Rc1 41.Ng4+ Kg7 0-1

[Event "Xtracon Chess Open 2018"]
[Site "Elsinore"]
[Date "2018.07.26"]
[Round "7"]
[White "Hoi, Carsten"]
[Black "Johannsson, Orn Leo"]
[Result "1-0"]
[WhiteElo "2389"]
[BlackElo "2196"]
[EventDate "2018.07.21"]
[WhiteFideId "1400100"]
[BlackFideId "2303051"]

1.c4 c6 2.e4 d5 3.cxd5 cxd5 4.exd5 Nf6 5.Nc3 g6 6.Nf3 Bg7 7.Bc4 O-O 8.O-O 
Nbd7 9.d4 Nb6 10.Bb3 Nbxd5 11.Re1 Bg4 12.h3 Bxf3 13.Qxf3 e6 14.Bg5 Qb6 15.
Rad1 h6 16.Bh4 Rac8 17.Bxd5 Nxd5 18.Nxd5 exd5 19.Qxd5 g5 20.Bg3 Rcd8 21.
Qf5 Rxd4 22.Rxd4 Qxd4 23.b3 Qd8 24.Rc1 Qd2 25.Rc7 Qxa2 26.Rxb7 Qa1+ 27.Kh2
Qd1 28.b4 a6 29.Ra7 Qd4 30.Rb7 Qc4 31.Qd7 Rc8 32.Qf5 Qe6 33.Qxe6 fxe6 34.
Rb6 e5 35.Rxa6 Rb8 36.Ra4 Bf8 37.Bxe5 Rxb4 38.Ra8 Rb6 39.h4 Kf7 40.h5 Rb5 
41.Bd4 Bd6+ 42.g3 g4 43.Kg2 Rxh5 44.Be3 Rh3 45.Ra7+ Ke6 46.Ra5 h5 47.Bg5 
Kf7 48.Bh4 Kg7 49.Ra7+ Kg8 50.Rd7 Bb4 51.Rd5 Kg7 52.f4 Ba3 53.Rg5+ Kh6 54.
f5 Bb2 55.Rg6+ Kh7 56.Rb6 Bc3 57.Rb7+ Kg8 58.Rb5 Kf7 59.Rb7+ Kg8 60.Re7 
Rxh4 61.gxh4 Bf6 62.Re6 Bxh4 63.Rh6 Kf7 64.Rxh5 Be1 65.Rh1 1-0

[Event "Xtracon Chess Open 2018"]
[Site "Elsinore"]
[Date "2018.07.26"]
[Round "7"]
[White "Leutwyler, Martin"]
[Black "Hagen, Andreas Skytte"]
[Result "0-1"]
[WhiteElo "2185"]
[BlackElo "2383"]
[EventDate "2018.07.21"]
[WhiteFideId "1301969"]
[BlackFideId "1407341"]

1.d4 Nf6 2.c4 g6 3.Nc3 Bg7 4.Nf3 O-O 5.e4 d6 6.h3 e5 7.d5 a5 8.g4 Na6 9.
Be3 Nd7 10.a3 Nb6 11.Rg1 Bd7 12.h4 Nc5 13.a4 c6 14.g5 cxd5 15.cxd5 f5 16.
Nd2 Nbxa4 17.Nxa4 Bxa4 18.b3 Bd7 19.Bxc5 dxc5 20.h5 Rf7 21.Nc4 fxe4 22.Ra2
e3 23.Nxe3 e4 24.Rc2 a4 25.bxa4 Bxa4 0-1

[Event "Xtracon Chess Open 2018"]
[Site "Elsinore"]
[Date "2018.07.26"]
[Round "7"]
[White "Andersen, Morten"]
[Black "Pantzar, Milton"]
[Result "1-0"]
[WhiteElo "2174"]
[BlackElo "2333"]
[EventDate "2018.07.21"]
[WhiteFideId "1504908"]
[BlackFideId "1721003"]

1.d4 Nf6 2.c4 b6 3.Nf3 Bb7 4.g3 Bxf3 5.exf3 e6 6.a3 d5 7.Nc3 Be7 8.Be3 O-O
9.Rc1 c6 10.Be2 dxc4 11.Bxc4 Nd5 12.Nxd5 cxd5 13.Bb3 Nd7 14.Qd3 a6 15.O-O 
b5 16.Bf4 Ra7 17.a4 Qa5 18.Qc2 g6 19.Ra1 b4 20.Rfc1 Bd8 21.Bd6 Re8 22.Qc6 
Qb6 23.a5 Qxd4 24.Bc5 Nxc5 25.Qxe8+ Kg7 26.Rxc5 Qxc5 27.Qxd8 Qd4 28.Qb6 
Qxb2 29.Rf1 Ra8 30.Qxb4 Rc8 31.Qb6 Qa3 32.Qxa6 Rc5 33.Qb6 Rxa5 34.f4 Ra8 
35.h4 Qb2 36.Qb7 Ra2 37.h5 d4 38.Qb5 d3 39.h6+ 1-0

[Event "Xtracon Chess Open 2018"]
[Site "Elsinore"]
[Date "2018.07.26"]
[Round "7"]
[White "Taylor, Adam C"]
[Black "Roseneck, Jonas"]
[Result "1-0"]
[WhiteElo "2326"]
[BlackElo "2182"]
[EventDate "2018.07.21"]
[WhiteFideId "424668"]
[BlackFideId "12939870"]

1.Nf3 d5 2.g3 g6 3.d4 Nf6 4.Bg2 Bg7 5.O-O O-O 6.c4 dxc4 7.Na3 Nc6 8.Nxc4 
Be6 9.b3 Bd5 10.Bb2 a5 11.Nfe5 Bxg2 12.Kxg2 Nxe5 13.dxe5 Nd7 14.Qd4 Nb8 
15.Qe4 Qc8 16.f4 Nc6 17.Ne3 e6 18.h4 Rd8 19.h5 Ne7 20.Kf2 c5 21.Rac1 b6 
22.Nc4 Rb8 23.Rfd1 Rd5 24.Qc2 Qc7 25.e4 Rxd1 26.Rxd1 Rd8 27.hxg6 hxg6 28.
a4 Nc8 29.Rd3 Kf8 30.Bc3 Ke7 31.Kf3 Bf8 32.Ne3 Rxd3 33.Qxd3 Qd7 34.Qa6 Kd8
35.g4 Be7 36.Ke2 Qa7 37.Qc4 Qd7 38.g5 Kc7 39.Ng4 Na7 40.Nh6 Bf8 41.Qd3 Qe8
42.Kd2 Nc6 43.Kc2 Nd8 44.Ng4 Nc6 45.Nf6 Qc8 46.Kb2 Be7 47.Nd5+ exd5 48.
exd5 Qd7 49.Qc4 Nb4 50.d6+ Bxd6 51.exd6+ Kxd6 52.Qe4 Qf5 53.Be5+ Ke6 54.
Qc4+ Ke7 55.Bf6+ Kf8 56.Qe2 Nd5 57.Be5 Nxf4 58.Bd6+ Kg8 59.Qe8+ Kh7 60.Qb8
Nd5 61.Be5 Qf2+ 62.Ka3 f6 63.Qb7+ Kh8 64.Qc8+ Kg7 65.Qd7+ Kh8 66.gxf6 Nxf6
67.Qf7 1-0

[Event "Xtracon Chess Open 2018"]
[Site "Elsinore"]
[Date "2018.07.26"]
[Round "7"]
[White "Dishman, Stephen"]
[Black "Nielsen, Andre"]
[Result "0-1"]
[WhiteElo "2320"]
[BlackElo "2178"]
[EventDate "2018.07.21"]
[WhiteFideId "403024"]
[BlackFideId "1518240"]

1.d4 Nf6 2.Nf3 e6 3.Bf4 b6 4.e3 Bb7 5.Nbd2 Be7 6.h3 O-O 7.Bd3 d5 8.c3 c5 
9.O-O Nc6 10.Qe2 Rc8 11.Bh2 Re8 12.Rad1 Bf8 13.Ne5 Qe7 14.f4 g6 15.Qf3 Bg7
16.g4 Nd7 17.g5 Ndxe5 18.dxe5 Red8 19.Qe2 Na5 20.Nf3 Bf8 21.Bg3 Qd7 22.Nh2
d4 23.Ng4 Bg7 24.c4 dxe3 25.Nxe3 Qc6 26.Kh2 Qc7 27.b3 Rd7 28.Bc2 Rcd8 29.
Rxd7 Rxd7 30.Rd1 Qc6 31.Rxd7 Qh1# 0-1

[Event "Xtracon Chess Open 2018"]
[Site "Elsinore"]
[Date "2018.07.26"]
[Round "7"]
[White "Lammers, Markus"]
[Black "Ivarsson, Torbjorn"]
[Result "1-0"]
[WhiteElo "2293"]
[BlackElo "2161"]
[EventDate "2018.07.21"]
[WhiteFideId "4680847"]
[BlackFideId "1705865"]

1.d4 e6 2.c4 f5 3.Nf3 Nf6 4.g3 Be7 5.Bg2 d6 6.O-O O-O 7.Nc3 Ne4 8.Qc2 Nxc3
9.bxc3 Nc6 10.d5 Na5 11.Nd4 e5 12.Ne6 Bxe6 13.dxe6 Rb8 14.Rd1 b6 15.c5 
bxc5 16.Qa4 c6 17.Bxc6 Nxc6 18.Qxc6 Qc8 19.Qd5 h6 20.e4 fxe4 21.Be3 Qb7 
22.Qc4 Qc6 23.Rd5 Rb2 24.h4 Qb5 25.Qxe4 Qe2 26.Qg2 e4 27.Rad1 Rxa2 28.Rxd6
Bxd6 29.Rxd6 Ra1+ 30.Kh2 Qg4 31.Bxc5 Ra5 32.Bd4 Re8 33.Rd7 g5 34.Rg7+ Kf8 
35.Rf7+ Kg8 36.Rg7+ Kf8 37.Qf1 Qxe6 38.Qb1 1-0

[Event "Xtracon Chess Open 2018"]
[Site "Elsinore"]
[Date "2018.07.26"]
[Round "7"]
[White "Vesterli, Michael E."]
[Black "Mikalsen, Erlend"]
[Result "1/2-1/2"]
[WhiteElo "2159"]
[BlackElo "2292"]
[EventDate "2018.07.21"]
[WhiteFideId "1417339"]
[BlackFideId "1507338"]

1.d4 Nf6 2.c4 e6 3.Nc3 Bb4 4.e3 O-O 5.Bd3 d5 6.Nf3 b6 7.O-O Bb7 8.cxd5 
exd5 9.Qc2 Re8 10.a3 Bf8 11.Bd2 c5 12.Rfd1 Nbd7 13.Bf5 g6 14.Bh3 Ne4 15.
dxc5 bxc5 16.Nxe4 dxe4 17.Bc3 exf3 18.Rxd7 Qb6 19.Ba5 Qb5 20.a4 Qxa5 21.
Qb3 Be7 22.Qxb7 Rab8 23.Qxa7 Qxa7 24.Rxa7 Rxb2 25.g3 Bd6 26.Bf1 Reb8 27.
Rd7 Be5 28.Rd5 Bf6 29.Rc1 Ra2 30.Rdxc5 Rxa4 31.Bc4 Bb2 32.Rf1 Ra1 33.Rb5 
1/2-1/2

[Event "Xtracon Chess Open 2018"]
[Site "Elsinore"]
[Date "2018.07.26"]
[Round "7"]
[White "Debarshi, Mukherjee"]
[Black "Kistrup, Nicolai"]
[Result "1-0"]
[WhiteElo "2292"]
[BlackElo "2154"]
[EventDate "2018.07.21"]
[WhiteFideId "5007291"]
[BlackFideId "1444816"]

1.c4 c5 2.g3 g6 3.Bg2 Bg7 4.Nc3 Nc6 5.Nf3 e6 6.d3 Nge7 7.Bg5 h6 8.Bd2 d5 
9.a3 b6 10.Rb1 dxc4 11.dxc4 Bb7 12.O-O e5 13.b4 cxb4 14.axb4 Rb8 15.Qa4 
O-O 16.Rfd1 Qc8 17.Ne4 Rd8 18.c5 Nd4 19.Nxd4 Bxe4 20.Bxe4 Rxd4 21.Qc2 f5 
22.Qa2+ Kh7 23.Bg2 bxc5 24.bxc5 e4 25.Be3 Rxb1 26.Qxb1 Rxd1+ 27.Qxd1 Qb7 
28.Qd6 a5 29.h4 a4 30.h5 a3 31.c6 Qb1+ 32.Kh2 a2 33.Qxe7 a1=Q 34.hxg6+ 
Kxg6 35.Qe6+ Qf6 36.Qd7 Qc2 37.Bh3 Kh7 38.Bxf5+ Kh8 39.c7 Qxc7 40.Qxc7 
Qxf5 41.Kg2 Qh5 42.Qc8+ Kh7 43.g4 Qe5 44.Qf5+ Qxf5 45.gxf5 Be5 46.Kh3 Kg7 
47.Kg4 Bb2 48.Kf4 Kf6 49.Bb6 e3 50.Bd8+ Kg7 51.Kxe3 Kf7 52.Kf4 Bg7 53.Kg4 
Bd4 54.e3 Bg7 55.Kh5 Bf8 56.e4 Bg7 57.Bh4 Bf8 58.e5 Bg7 59.e6+ Ke8 60.Kg6 
1-0

[Event "Xtracon Chess Open 2018"]
[Site "Elsinore"]
[Date "2018.07.26"]
[Round "7"]
[White "Jorgensen, Dennis"]
[Black "Rewitz, Poul"]
[Result "0-1"]
[WhiteElo "2147"]
[BlackElo "2289"]
[EventDate "2018.07.21"]
[WhiteFideId "1408380"]
[BlackFideId "1401033"]

1.Nf3 g6 2.g3 c5 3.c4 Nc6 4.Nc3 Bg7 5.Bg2 e6 6.O-O Nge7 7.d3 O-O 8.Bd2 d5 
9.Rb1 d4 10.Na4 b6 11.a3 a5 12.Qc1 Bd7 13.b3 Nf5 14.g4 Nd6 15.Bh6 Rb8 16.
Bxg7 Kxg7 17.Qf4 Qe7 18.e4 e5 19.Qg3 Kh8 20.Rfe1 f6 21.Kh1 Nd8 22.g5 N6f7 
23.h4 Qd6 24.Rg1 fxg5 25.hxg5 Ne6 26.Bf1 Nf4 27.Re1 Bxa4 28.bxa4 Qd7 29.
Nh2 Qxa4 30.Ng4 Qc6 31.Rb1 Qd6 32.Qh4 Qd8 33.Nh2 h5 34.Nf3 Kg7 35.Qg3 Qd7 
36.Kh2 Qe6 37.Nh4 Nd6 38.a4 Rb7 39.Rb2 Nc8 40.Be2 Rbf7 41.Bd1 Qd6 42.Rb3 
Qc7 43.Bf3 Ne6 44.Rb2 Rf4 45.Bd1 Ne7 46.f3 Nc6 47.Be2 Nb4 48.Bf1 R4f7 49.
Rd2 Nf4 50.Rh1 Qd7 51.Kg1 Qxa4 52.Bh3 Nbxd3 53.Be6 Nxe6 54.Rxd3 Nf4 55.Rd2
Qxc4 56.Kf2 d3 0-1

[Event "Xtracon Chess Open 2018"]
[Site "Elsinore"]
[Date "2018.07.26"]
[Round "7"]
[White "Foisor, Sabina-Francesca"]
[Black "Niese, Holger"]
[Result "1-0"]
[WhiteElo "2285"]
[BlackElo "2140"]
[EventDate "2018.07.21"]
[WhiteFideId "1212915"]
[BlackFideId "4697057"]

1.d4 d5 2.c4 e6 3.Nf3 Nf6 4.Qc2 Be7 5.Bg5 h6 6.Bxf6 Bxf6 7.e3 Nd7 8.Nc3 c6
9.e4 dxe4 10.Qxe4 c5 11.O-O-O Qa5 12.Nd2 cxd4 13.Nb3 Qe5 14.Nxd4 Nc5 15.
Qxe5 Bxe5 16.b4 Na6 17.a3 Bd7 18.c5 Nc7 19.Bc4 Bc6 20.Nxc6 bxc6 21.Na2 Rd8
22.Rxd8+ Kxd8 23.g3 Ke7 24.f4 Bd4 25.Kc2 g5 26.f5 h5 27.Rd1 Rd8 28.Nc1 Be3
29.Rxd8 Kxd8 30.fxe6 fxe6 31.Ne2 Ke7 32.Kd3 Bf2 33.h3 Kf6 34.Ke4 e5 35.g4 
hxg4 36.hxg4 Be1 37.Nc1 a5 38.Nd3 Bc3 39.bxa5 Bd4 40.a6 Na8 41.a7 Nc7 42.
Ba6 Ke6 43.Bb7 Kd7 44.Nxe5+ 1-0

[Event "Xtracon Chess Open 2018"]
[Site "Elsinore"]
[Date "2018.07.26"]
[Round "7"]
[White "Thybo, Thomas Sondergaard"]
[Black "O`Gorman, Tom"]
[Result "0-1"]
[WhiteElo "2146"]
[BlackElo "2280"]
[EventDate "2018.07.21"]
[WhiteFideId "1441299"]
[BlackFideId "2508249"]

1.e4 e6 2.b3 d5 3.Bb2 dxe4 4.Nc3 Nf6 5.Qe2 Bb4 6.O-O-O Bxc3 7.Bxc3 b6 8.g4
Ba6 9.Qe1 Bxf1 10.Qxf1 Nxg4 11.Qg2 f5 12.h3 Nf6 13.Qxg7 Rf8 14.Ne2 Qe7 15.
Rhg1 Nc6 16.Qh6 Rf7 17.Rg7 Rxg7 18.Bxf6 Rg6 19.Qxg6+ hxg6 20.Bxe7 Kxe7 21.
Rg1 Kf7 22.d3 exd3 23.cxd3 Rd8 24.h4 Rxd3 25.Rxg6 Rf3 26.Rh6 Rxf2 27.Kd1 
Ne7 28.Nd4 e5 29.Ne6 Rxa2 30.Ng5+ Ke8 31.Re6 Rh2 32.Nf3 Rh1+ 33.Ke2 e4 34.
Ne5 Rxh4 35.Rxe7+ Kxe7 36.Ng6+ Kf6 37.Nxh4 Kg5 38.Ng2 f4 39.Ne1 Kg4 40.Kf2
a5 41.Nc2 e3+ 42.Ke2 c5 43.Ne1 b5 44.Nd3 a4 45.bxa4 bxa4 46.Nxc5 a3 47.Nb3
Kg3 48.Nd4 a2 49.Nc2 f3+ 50.Kxe3 f2 0-1

[Event "Xtracon Chess Open 2018"]
[Site "Elsinore"]
[Date "2018.07.26"]
[Round "7"]
[White "Petersen, Peter Birk"]
[Black "Buchenau, Frank"]
[Result "0-1"]
[WhiteElo "2128"]
[BlackElo "2275"]
[EventDate "2018.07.21"]
[WhiteFideId "1401696"]
[BlackFideId "4604350"]

1.e4 e6 2.d4 d5 3.Nd2 Nf6 4.e5 Nfd7 5.Bd3 c5 6.c3 b6 7.Ne2 Ba6 8.Bxa6 Nxa6
9.Nf3 b5 10.O-O Qb6 11.a3 c4 12.Ng3 Nab8 13.Nh5 g6 14.Nf6+ Nxf6 15.exf6 
Qd8 16.a4 Nd7 17.axb5 Nxf6 18.Bg5 Bg7 19.Ne5 h6 20.Bxf6 Bxf6 21.Ra6 O-O 
22.Qd2 Bxe5 23.dxe5 Qb8 24.Qxh6 Qxe5 25.Rfa1 Rab8 26.Rxa7 Rxb5 27.Qd2 Kg7 
28.g3 Rfb8 29.Re1 Rxb2 30.Rxe5 Rxd2 31.Rxe6 Rb1+ 32.Kg2 Rbb2 33.h4 Rxf2+ 
34.Kh3 Rbd2 35.Rd6 Rd3 36.Rad7 Rff3 37.Rxd5 Rxg3+ 38.Kh2 Rxc3 39.h5 Rh3+ 
40.Kg2 Rxh5 0-1

[Event "Xtracon Chess Open 2018"]
[Site "Elsinore"]
[Date "2018.07.26"]
[Round "7"]
[White "Gonzalez, Francisco Silva"]
[Black "Matthiesen, Martin"]
[Result "1/2-1/2"]
[WhiteElo "2045"]
[BlackElo "2273"]
[EventDate "2018.07.21"]
[WhiteFideId "1512285"]
[BlackFideId "1404067"]

1.d4 Nf6 2.c4 g6 3.Nc3 Bg7 4.e4 d6 5.f3 O-O 6.Be3 c5 7.Nge2 Nc6 8.d5 Ne5 
9.Ng3 h5 10.Be2 h4 11.Nf1 e6 12.Nd2 exd5 13.cxd5 h3 14.g3 a6 15.a4 Bd7 16.
O-O b5 17.Kh1 Rb8 18.Qc2 Qc7 19.Rg1 Rfc8 20.g4 b4 21.Nd1 c4 22.Bd4 Nd3 23.
Bxd3 cxd3 24.Qxd3 Qc2 25.Qe3 Re8 26.Qf2 Qd3 27.Qe3 Qc2 28.Qf2 Qd3 29.Qe3 
1/2-1/2

[Event "Xtracon Chess Open 2018"]
[Site "Elsinore"]
[Date "2018.07.26"]
[Round "7"]
[White "Laubsch, Bernd"]
[Black "Mansoor, Afras"]
[Result "1-0"]
[WhiteElo "2269"]
[BlackElo "1973"]
[EventDate "2018.07.21"]
[WhiteFideId "4663314"]
[BlackFideId "1522108"]

1.e4 e5 2.Nf3 Nc6 3.d4 exd4 4.Nxd4 Nf6 5.Nxc6 bxc6 6.e5 Qe7 7.Qe2 Nd5 8.c4
Nb6 9.Nc3 g6 10.f4 Bg7 11.Bd2 O-O 12.O-O-O a5 13.Qe4 Ba6 14.Be3 Qb4 15.c5 
Nc4 16.Bxc4 Bxc4 17.Rd4 f5 18.Qc2 d5 19.b3 Qa3+ 20.Kd2 Rfb8 21.Rb1 Bf8 22.
bxc4 Bxc5 23.Rd3 dxc4 24.Bxc5 cxd3 25.Rxb8+ Rxb8 26.Bxa3 dxc2 27.Kxc2 Kf7 
28.Kd3 Rd8+ 29.Ke3 Rb8 30.h3 Ke6 31.g4 h6 32.gxf5+ Kxf5 33.Ne2 Ke6 34.Ke4 
Rb1 35.Nd4+ Kf7 36.e6+ Ke8 37.Nxc6 Ra1 38.Bc5 Rxa2 39.Ne5 Rc2 40.Kd5 a4 
41.Nd7 Rxc5+ 42.Nxc5 a3 43.h4 a2 44.Nb3 h5 45.Na1 Ke7 46.Ke5 c5 47.Nc2 c4 
48.Na1 c3 49.Nc2 1-0

[Event "Xtracon Chess Open 2018"]
[Site "Elsinore"]
[Date "2018.07.26"]
[Round "7"]
[White "Svane, Frederik"]
[Black "Rasmussen, Lars Garne"]
[Result "1-0"]
[WhiteElo "2266"]
[BlackElo "1995"]
[EventDate "2018.07.21"]
[WhiteFideId "12923044"]
[BlackFideId "1406434"]

1.e4 e5 2.Nf3 Nc6 3.Bb5 a6 4.Ba4 Nf6 5.O-O Nxe4 6.d4 b5 7.Bb3 d5 8.dxe5 
Be6 9.Nbd2 Nc5 10.c3 Be7 11.Bc2 d4 12.Nb3 d3 13.Bb1 Nxb3 14.axb3 Bf5 15.
Be3 Qd5 16.Bd4 O-O 17.Bxd3 Bxd3 18.Qxd3 Qxb3 19.Qe2 Qe6 20.Qe4 Rfe8 21.
Rfe1 h6 22.Be3 Bf8 23.Bf4 Bc5 24.Bg3 Ne7 25.Red1 Nf5 26.Rd5 Bb6 27.Rad1 
Nd6 28.Qc2 Qf5 29.Qxf5 Nxf5 30.Rd7 Nxg3 31.hxg3 Re6 32.g4 Rae8 33.Rd8 Kf8 
34.Kf1 Rxd8 35.Rxd8+ Ke7 36.Ra8 a5 37.Nd4 Bxd4 38.cxd4 a4 39.Ke2 Rc6 40.
Kd3 Rc4 41.Rc8 f6 42.f4 Rc1 43.Rb8 fxe5 44.fxe5 c6 45.Rb7+ Kf8 46.Rc7 Rd1+
47.Ke4 Rd2 48.Rxc6 Rxb2 49.d5 a3 50.d6 a2 51.Kf5 Re2 52.Ra6 b4 53.Ke6 Kg8 
54.d7 Rd2 55.Rxa2 Rd4 56.Ra8+ Kh7 57.d8=Q 1-0

[Event "Xtracon Chess Open 2018"]
[Site "Elsinore"]
[Date "2018.07.26"]
[Round "7"]
[White "Jensen, Michael Agermose"]
[Black "Carlstedt, Jonathan"]
[Result "0-1"]
[WhiteElo "1999"]
[BlackElo "2425"]
[EventDate "2018.07.21"]
[WhiteFideId "1408216"]
[BlackFideId "24614386"]

1.e4 c5 2.d4 cxd4 3.Nf3 a6 4.c3 d3 5.Bxd3 g6 6.Bc4 Nc6 7.O-O Bg7 8.Qe2 d6 
9.h3 Nf6 10.Bg5 O-O 11.Nbd2 h6 12.Be3 b5 13.Bd3 Bb7 14.Nd4 e5 15.Nxc6 Bxc6
16.a4 bxa4 17.Bxa6 Rb8 18.Nc4 Nxe4 19.Rfd1 Qc7 20.f3 Ng3 21.Qf2 Nf5 22.Bb6
Qe7 23.Na5 Qd7 24.g4 Nh4 25.Be2 Nxf3+ 26.Bxf3 Bxf3 27.Rd2 Ba8 28.Bc5 d5 
29.Bxf8 Bxf8 30.b4 axb3 31.Nxb3 d4 32.cxd4 Qd5 33.Rxa8 Rxa8 34.Qg3 e4 35.
Nc1 Bd6 36.Qc3 Ra3 37.Qc8+ Kg7 38.Ne2 Ra1+ 39.Kf2 Qg5 40.Rc2 Qf6+ 41.Ke3 
Qf3+ 42.Kd2 Qd3# 0-1